Vysoké Tatry Obrovský vodopád

Bibliographic Details
Format: Postcard
Language:Slovak
PhysicalDescription:1 pohľadnica čiernobiela 15 x 10 cm
Published: [S.l. s.n. s.a.]
Subjects:

MARC

LEADER 00000ckm a2200000 a 4500
001 vtls010036656
003 SK-MaSNL
005 20260512122652.0
007 kp bo
008 231214n xx g kuslo
015 |a SNBG 
035 |a 8F0758FD-C1A7-4A6A-A539-BB7A2DCE98DF 
035 |a urn:nbn:sk:snk-km007ah3 
035 |a urn:nbn:sk:snk-kmtgyl 
040 |a SNK  |b slo  |c SNK  |e AACR2 
041 0 |a slo 
043 |a e-xo--- 
044 |a xx 
080 |a 551.435.14(282.3)  |2 2001 
080 |a 913(437.6-191.2)  |2 2001 
080 |a (084.121)  |2 2001 
245 0 0 |a Vysoké Tatry  |h grafika  |b Obrovský vodopád 
260 |a [S.l.  |b s.n.  |c s.a.] 
300 |a 1 pohľadnica  |b čiernobiela  |c 15 x 10 cm 
500 |a Na pohľadnici je pečiatka hotela Kamzík 
650 0 7 |a vodopády  |2 SNKPH  |9 55574 
651 7 |a Vysoké Tatry (Poľsko a Slovensko : pohorie)  |2 SNKPHgeo  |9 67729 
651 7 |a Obrovský vodopád (Vysoké Tatry, Slovensko)  |2 SNKPH  |9 55672 
655 7 |a miestne pohľadnice  |2 SNKPH  |9 70510 
852 |a Slovenská národná knižnica 
958 |a GC 
958 |a GBN 
958 |a OND 
999 |c 660513  |d 662443 
952 |a SNK  |b SNK  |y PREZ  |7 0  |p 17A0636328  |o snkSP 2756  |3 rekatalogizácia  |0 0  |1 0  |4 0  |d 2010-01-08  |f 1  |l 0  |r 2026-02-23 18:52:04  |w 2026-02-23